000 00564cam a22001337a 4500
008 180718b1968 xxu||||| |||| 00| 0 eng d
082 _aB706x42 Un3/RS/3
100 _aRoyal Commission on Local Government in England
245 _aRoyal Commission on Local Government in England: research studies 3, economics of scale in local government services by the Institute of Social and Economic Research University of York
260 _aLondon
_bHer Majesty's Stationery Office
_c1968
300 _a44+p.
500 _aChairman: John Maud
700 _aMaud, John, Chairman
999 _c488275
_d488275